000 nam a22 a 4500
999 _c2004
_d2004
003 AKMAL
005 20170512162152.0
008 170512s2009 my a e | 101 0 eng d
020 _a9789833109401
039 9 _a201205161650
_brosenah
_c201203091305
_dhasliza
_c201202211712
_dhusna
_c201201061039
_didarus
040 _aAKMAL
_cAKMAL
049 _amal
082 0 4 _a351.595
_222
090 0 0 _a351.595
111 2 _aCivil Service Conference
_n(13th :
_d2008 :
_cKuala Lumpur)
_94155
245 1 0 _aTaking charge: leadership in the public service :
_bproceedings of the thirteenth Civil Service Conference, 4-5 August 2008 /
_cedited by Dato' Muhamad Hamzah, Noor Zari Hamat ; [jointly organised by] National Institute of Public Administration (INTAN), Public Service Department and Administrative and Diplomatic Service Association (PPTD), Malaysia
260 _aKuala Lumpur :
_bInstitut Tadbiran Awam Negara,
_c2009
263 _a200909
300 _ax, 74p. :
_bill. ;
_c23cm.
650 1 0 _aCivil service
_zMalaysia
_vCongresses
_94105
650 2 0 _aPublic administration
_zMalaysia
_vCongresses
_94106
700 0 _aMuhamad Hamzah,
_cDato'
_94156
700 0 _aNoor Zari Hamat
_94157
710 2 _aInstitut Tadbiran Awam Negara
_9410
710 2 _aPersatuan Perkhidmatan Tadbir dan Diplomatik
_94110
942 _2ddc
_cBOOK